000 00425nam a22001697a 4500
005 20160428101748.0
008 160428b xxu||||| |||| 00| 0 eng d
020 _a81-7656238-6
041 _aeng
082 _b00480
100 _aJain, Madhulika
_9135
245 _a"O"-Level Mode Simple Module-II
260 _aNew Delhi
_bBPB Publishing,
_c2002
300 _a390+78
650 _aInformation Technology
_9137
942 _cBK
999 _c142
_d142